[Event "Junior Online 4NCL Division 3"]
[Site "online"]
[Date "2020.08.20"]
[Round "1.33"]
[White "Barron-Majerik, Alexander"]
[Black "Siddall, George"]
[Result "0-1"]
[WhiteElo "221"]
[BlackElo "708"]
[PlyCount "88"]
[EventDate "2020.08.20"]
[WhiteTeam "Dundee City"]
[BlackTeam "Border Bandits 2"]

1. e4 e5 2. Nf3 Nc6 3. Bc4 Nf6 4. Nc3 Bc5 5. d3 h6 6. O-O O-O 7. Be3 Bxe3 8.
fxe3 d6 9. h3 a6 10. d4 exd4 11. exd4 Re8 12. Qd3 Nb4 13. Qe2 b5 14. Bd3 Bb7
15. e5 dxe5 16. dxe5 Nfd5 17. Nxd5 Bxd5 18. Qd2 Qe7 19. Rfe1 Bxf3 20. gxf3 Nxd3
21. Qxd3 c5 22. Rad1 Rad8 23. Qe2 Rxd1 24. Qxd1 f6 25. exf6 Qxe1+ 26. Qxe1
Rxe1+ 27. Kf2 Re6 28. f4 Rxf6 29. Kf3 Rd6 30. Ke4 Rd2 31. Ke5 Rxc2 32. Kd5 c4
33. Kc5 Rxb2 34. Kb6 Rxa2 35. h4 c3 36. h5 b4 37. f5 b3 38. f6 gxf6 39. Ka7 b2
40. Kb7 c2 41. Ka7 b1=Q 42. Ka8 c1=Q 43. Ka7 Qc7+ 44. Ka8 Qbb8# 0-1

[Event "Junior Online 4NCL Division 3"]
[Site "online"]
[Date "2020.08.20"]
[Round "1.34"]
[White "Rees, Jack"]
[Black "Liu, Haoqi"]
[Result "1-0"]
[WhiteElo "653"]
[BlackElo "200"]
[PlyCount "51"]
[EventDate "2020.08.20"]
[WhiteTeam "Border Bandits 2"]
[BlackTeam "Dundee City"]

1. e4 e5 2. Nf3 Nc6 3. Bc4 Bc5 4. O-O d6 5. Ng5 Nf6 6. d3 Bg4 7. Qe1 O-O 8. Nc3
a6 9. Be3 b5 10. Bd5 b4 11. Na4 Nd4 12. Rc1 Nxd5 13. exd5 Rb8 14. c3 bxc3 15.
bxc3 Nb5 16. d4 Ba3 17. Rc2 exd4 18. f3 Bf5 19. Bf4 Re8 20. Qh4 c6 21. dxc6 d5
22. cxd4 Be7 23. g4 Bxc2 24. Rf2 Bxa4 25. Qxh7+ Kf8 26. Qh8# 1-0

[Event "Junior Online 4NCL Division 3"]
[Site "online"]
[Date "2020.08.20"]
[Round "1.35"]
[White "Jessop, Osian"]
[Black "Vijayakumar, Rishi"]
[Result "0-1"]
[WhiteElo "1442"]
[BlackElo "1002"]
[PlyCount "46"]
[EventDate "2020.08.20"]
[WhiteTeam "Border Bandits 2"]
[BlackTeam "Dundee City"]

1. e4 e6 2. c4 d5 3. cxd5 exd5 4. exd5 Nf6 5. Nc3 Nxd5 6. Bc4 c6 7. Nxd5 cxd5
8. Bb5+ Bd7 9. Bxd7+ Qxd7 10. Qe2+ Be7 11. b3 O-O 12. Bb2 Re8 13. Kd1 Nc6 14.
Nf3 Bf6 15. Ne5 Nxe5 16. Bxe5 Rxe5 17. Qf3 Rf5 18. Qg3 Bxa1 19. Kc2 Rc8+ 20.
Kd3 Qb5+ 21. Ke3 d4+ 22. Ke4 Re8+ 23. Qe5 Rexe5# 0-1

[Event "Junior Online 4NCL Division 3"]
[Site "online"]
[Date "2020.08.20"]
[Round "1.36"]
[White "Kanodia, Ramit"]
[Black "Haddow, Dylan"]
[Result "1-0"]
[WhiteElo "900"]
[BlackElo "846"]
[PlyCount "57"]
[EventDate "2020.08.20"]
[WhiteTeam "Dundee City"]
[BlackTeam "Border Bandits 2"]

1. e4 e5 2. Nf3 Nc6 3. Bb5 Nf6 4. Nc3 a6 5. Bxc6 dxc6 6. d3 Bc5 7. Nxe5 Nd5 8.
exd5 Qh4 9. Qf3 Bd4 10. Bf4 O-O 11. g3 Qf6 12. Qe4 Bxc3+ 13. bxc3 Re8 14. Qd4
Bg4 15. O-O cxd5 16. Nxg4 Qe6 17. Be5 b6 18. Bxg7 c5 19. Nf6+ Kxg7 20. Nxe8+
Kf8 21. Qh8+ Ke7 22. Rfe1 Qxe1+ 23. Rxe1+ Kd7 24. Nf6+ Kc6 25. Qxa8+ Kb5 26.
Nxd5 f5 27. Rb1+ Ka4 28. Nxb6+ Ka3 29. Qxa6# 1-0

[Event "Junior Online 4NCL Division 3"]
[Site "online"]
[Date "2020.08.20"]
[Round "1.37"]
[White "Siddall, George"]
[Black "Barron-Majerik, Alexander"]
[Result "1-0"]
[WhiteElo "708"]
[BlackElo "221"]
[PlyCount "79"]
[EventDate "2020.08.20"]
[WhiteTeam "Border Bandits 2"]
[BlackTeam "Dundee City"]

1. e4 e5 2. Nf3 Nc6 3. Bc4 Bc5 4. Nc3 Nf6 5. d3 h6 6. Nxe5 Nxe5 7. d4 Bxd4 8.
Qxd4 Nxc4 9. Qxc4 O-O 10. e5 Re8 11. Bf4 d6 12. Qe2 Ng4 13. O-O-O dxe5 14. Rxd8
Rxd8 15. Bxe5 Re8 16. f3 Rxe5 17. Qd3 Nf2 18. Qd8+ Kh7 19. Rf1 Rh5 20. Rxf2
Rxh2 21. Qxc7 Bf5 22. Qxh2 Re8 23. Kd1 Rd8+ 24. Rd2 Re8 25. g4 Bd7 26. Rxd7 Kg6
27. Kc1 Re1+ 28. Rd1 Re3 29. Nd5 Rxf3 30. Qb8 Rg3 31. Nf4+ Kg5 32. Rd5+ Kxg4
33. Rd3 Rg1+ 34. Rd1 Rg3 35. Ne2 Rg2 36. Qf4+ Kh3 37. Rh1+ Rh2 38. Ng1+ Kg2 39.
Qxh2+ Kf1 40. Nh3# 1-0

[Event "Junior Online 4NCL Division 3"]
[Site "online"]
[Date "2020.08.20"]
[Round "1.38"]
[White "Liu, Haoqi"]
[Black "Rees, Jack"]
[Result "1-0"]
[WhiteElo "200"]
[BlackElo "653"]
[PlyCount "103"]
[EventDate "2020.08.20"]
[WhiteTeam "Dundee City"]
[BlackTeam "Border Bandits 2"]

1. e4 d5 2. Nc3 Nf6 3. exd5 Bg4 4. f3 Bf5 5. g4 Bg6 6. Bb5+ c6 7. Bc4 cxd5 8.
Bb3 Na6 9. d4 Rc8 10. Ba4+ Nd7 11. Nxd5 e6 12. Nf4 Bxc2 13. Qe2 Bxa4 14. d5 Rc2
15. Qe3 Bc5 16. Qe4 Bb4+ 17. Kf1 Bb5+ 18. Nge2 Bxe2+ 19. Kg2 Bxf3+ 20. Kxf3 h5
21. g5 f5 22. Qxe6+ Qe7 23. Qxe7+ Kxe7 24. Re1+ Bxe1 25. Be3 Bh4 26. Ng6+ Kf7
27. Nxh8+ Kg8 28. Ng6 Rc6 29. Nxh4 Ne5+ 30. Kf4 Re6 31. Bxa7 Nd3+ 32. Kf3 f4
33. Ng2 Nab4 34. a3 Nxd5 35. Rd1 Ra6 36. Bd4 Rxa3 37. bxa3 b5 38. Rb1 b4 39. a4
Nb6 40. Bxb6 Ne5+ 41. Kxf4 Nd3+ 42. Kf5 Nf2 43. Rxb4 Nd3 44. Rd4 Nb2 45. a5 h4
46. Rxh4 Nd3 47. a6 Ne5 48. Kxe5 g6 49. Rc4 Kh7 50. Rc7+ Kg8 51. a7 Kf8 52.
a8=R# 1-0

[Event "Junior Online 4NCL Division 3"]
[Site "online"]
[Date "2020.08.20"]
[Round "1.41"]
[White "Horwood, Alexander"]
[Black "Morrison, Matthew"]
[Result "0-1"]
[WhiteElo "1000"]
[BlackElo "1285"]
[PlyCount "62"]
[EventDate "2020.08.20"]
[WhiteTeam "Harrow Juniors F"]
[BlackTeam "Surbiton Juniors C"]

1. e4 e5 2. Nf3 Nc6 3. Nc3 Nf6 4. Bb5 d6 5. O-O g6 6. d3 Bg7 7. Bg5 O-O 8. Qe2
a6 9. Ba4 Bg4 10. Bxc6 bxc6 11. h3 Bxf3 12. Qxf3 h6 13. Bxf6 Bxf6 14. Rad1 Bg7
15. Rfe1 Rb8 16. Rc1 Rxb2 17. Na4 Rxa2 18. Nc3 Rb2 19. Nd1 Rb8 20. Nc3 Ra8 21.
Rcd1 a5 22. Ra1 Ra6 23. Ra4 Qb8 24. d4 Qb2 25. Qe2 Qxc3 26. Qxa6 Qxe1+ 27. Kh2
exd4 28. Rxa5 Be5+ 29. g3 Qxf2+ 30. Kh1 Bxg3 31. Qxc6 Qh2# 0-1

[Event "Junior Online 4NCL Division 3"]
[Site "online"]
[Date "2020.08.20"]
[Round "1.43"]
[White "Anderson, Ashley K"]
[Black "de Villiers, Alex"]
[Result "1-0"]
[WhiteElo "1000"]
[BlackElo "1225"]
[PlyCount "97"]
[EventDate "2020.08.20"]
[WhiteTeam "Harrow Juniors F"]
[BlackTeam "Surbiton Juniors C"]

1. e4 e5 2. d3 Be7 3. Nf3 Nf6 4. Nc3 Nc6 5. Be2 Nd4 6. O-O O-O 7. Nd5 Nxf3+ 8.
Bxf3 Nxd5 9. exd5 d6 10. Bd2 Bg5 11. Qc1 Bxd2 12. Qxd2 b6 13. Qd1 Bb7 14. h3 f6
15. Qe1 Qe7 16. b3 Qf7 17. c4 b5 18. cxb5 Bxd5 19. Bxd5 Qxd5 20. Qa5 Rfb8 21.
Qxc7 Rxb5 22. Qc1 Qxd3 23. Rd1 Qg6 24. Rxd6 Qe8 25. Rd1 Rc8 26. Qb2 Qe7 27. Qe2
Rbc5 28. Qe3 f5 29. b4 f4 30. Qb3+ Rc4 31. Rdc1 Qc7 32. Rc2 Qf7 33. Rac1 Rxc2
34. Rxc2 Rxc2 35. Qxc2 Qd5 36. Qc8+ Kf7 37. Qc7+ Ke6 38. Qxa7 Qd1+ 39. Kh2 Qf1
40. Qxg7 Qxf2 41. Qg8+ Kf5 42. Qxh7+ Ke6 43. Qg6+ Kd5 44. b5 Qxa2 45. Qc6+ Kd4
46. b6 Ke3 47. b7 f3 48. Qxf3+ Kd4 49. b8=Q 1-0

[Event "Junior Online 4NCL Division 3"]
[Site "online"]
[Date "2020.08.20"]
[Round "1.44"]
[White "Holben, Joseph"]
[Black "Kulkarni, Bandish"]
[Result "0-1"]
[WhiteElo "1225"]
[BlackElo "700"]
[PlyCount "52"]
[EventDate "2020.08.20"]
[WhiteTeam "Surbiton Juniors C"]
[BlackTeam "Harrow Juniors F"]

1. e4 e5 2. Bc4 Nf6 3. d3 Bc5 4. h3 Nc6 5. Nc3 h6 6. Nf3 d6 7. O-O Bd7 8. Nh4
Nh7 9. Nf5 Bxf5 10. exf5 Qh4 11. Ne4 Bb6 12. Qf3 Nd4 13. Qd1 Nxf5 14. g4 Ne7
15. Qf3 O-O 16. Be3 Bxe3 17. fxe3 d5 18. Bb3 dxe4 19. Bxf7+ Kh8 20. Qg2 Ng5 21.
Bc4 Nxh3+ 22. Kh2 Nf4+ 23. Kg1 Nxg2 24. Kxg2 Qxg4+ 25. Kh1 Ng6 26. Rg1 Qh3# 0-1

[Event "Junior Online 4NCL Division 3"]
[Site "online"]
[Date "2020.08.20"]
[Round "1.45"]
[White "Morrison, Matthew"]
[Black "Horwood, Alexander"]
[Result "1-0"]
[WhiteElo "1285"]
[BlackElo "1000"]
[PlyCount "45"]
[EventDate "2020.08.20"]
[WhiteTeam "Surbiton Juniors C"]
[BlackTeam "Harrow Juniors F"]

1. d4 d5 2. c4 dxc4 3. Nc3 Nc6 4. Nf3 Nf6 5. e4 e6 6. Bxc4 Bb4 7. e5 Nh5 8. a3
g5 9. axb4 g4 10. Nd2 Qxd4 11. Bb3 Qxe5+ 12. Nde4 O-O 13. Qxg4+ Qg7 14. Qxh5
Qxg2 15. Rf1 Nd4 16. Bd1 f5 17. Nf6+ Rxf6 18. Bh6 Bd7 19. Be2 Be8 20. Qh4 Nc2+
21. Kd2 Nxa1 22. Qxf6 Qxh2 23. Qg7# 1-0

[Event "Junior Online 4NCL Division 3"]
[Site "online"]
[Date "2020.08.20"]
[Round "1.47"]
[White "de Villiers, Alex"]
[Black "Anderson, Ashley K"]
[Result "1-0"]
[WhiteElo "1225"]
[BlackElo "1000"]
[PlyCount "67"]
[EventDate "2020.08.20"]
[WhiteTeam "Surbiton Juniors C"]
[BlackTeam "Harrow Juniors F"]

1. e4 e5 2. Nf3 d6 3. Be2 Nc6 4. d3 Nf6 5. O-O Be7 6. Nc3 Bd7 7. Bd2 O-O 8. a4
a6 9. Nd5 h6 10. b4 Be6 11. Nxf6+ Bxf6 12. b5 axb5 13. axb5 Ne7 14. Rxa8 Qxa8
15. Qa1 Qb8 16. Rb1 c6 17. bxc6 Nxc6 18. Be3 Bg4 19. h3 Bxf3 20. Bxf3 Qe8 21.
Rxb7 Nd8 22. Rb8 Kh8 23. Bb6 Kg8 24. c3 Qb5 25. Qa8 Qb1+ 26. Kh2 Qxd3 27. Bxd8
Qxc3 28. Bxf6 Rxb8 29. Qxb8+ Kh7 30. Be7 Qe1 31. Qxd6 Qxf2 32. Qxe5 Qa7 33. Bf8
Qa8 34. Qxg7# 1-0

[Event "Junior Online 4NCL Division 3"]
[Site "online"]
[Date "2020.08.20"]
[Round "1.48"]
[White "Kulkarni, Bandish"]
[Black "Holben, Joseph"]
[Result "1-0"]
[WhiteElo "700"]
[BlackElo "1225"]
[PlyCount "61"]
[EventDate "2020.08.20"]
[WhiteTeam "Harrow Juniors F"]
[BlackTeam "Surbiton Juniors C"]

1. e4 e5 2. Nf3 Nc6 3. Bc4 Bc5 4. d3 Nf6 5. Nc3 d6 6. Bg5 Bg4 7. h3 Bh5 8. g4
Bg6 9. Qe2 O-O 10. O-O-O h6 11. Be3 Bxe3+ 12. Qxe3 Na5 13. g5 hxg5 14. Qxg5 Bh5
15. Qg3 Nxc4 16. dxc4 c6 17. Rdg1 Ne8 18. Ng5 Bg6 19. h4 Nf6 20. f4 Nh5 21. Qg2
Nxf4 22. Qg4 Bh5 23. Qg3 Be2 24. Nh3 Nh5 25. Qg2 Bxc4 26. Qg4 g6 27. Qxh5 Re8
28. Qh6 d5 29. Ng5 f6 30. Qh7+ Kf8 31. Qf7# 1-0

[Event "Junior Online 4NCL Division 3"]
[Site "online"]
[Date "2020.08.20"]
[Round "1.51"]
[White "Shah, Prem"]
[Black "Israni, Ishita"]
[Result "1-0"]
[WhiteElo "1157"]
[BlackElo "364"]
[PlyCount "55"]
[EventDate "2020.08.20"]
[WhiteTeam "Watford Juniors D"]
[BlackTeam "East Kilbride Rooks"]

1. d4 d5 2. e4 dxe4 3. Nc3 Nf6 4. f3 exf3 5. Qxf3 Nc6 6. d5 Nxd5 7. Nxd5 Ne5 8.
Qe4 f6 9. Bf4 e6 10. Bxe5 fxe5 11. Qxe5 Bb4+ 12. Nxb4 O-O 13. Bd3 Qh4+ 14. g3
Qxb4+ 15. Qc3 Qe7 16. O-O-O e5 17. Re1 Qe6 18. Bc4 Rf3 19. Bxe6+ Bxe6 20. Qxf3
Rf8 21. Qxb7 Bxa2 22. b3 Rf2 23. Qxa7 Rf5 24. Qxa2 e4 25. Rxe4 c5 26. b4+ c4
27. Qxc4+ Rf7 28. Re8# 1-0

[Event "Junior Online 4NCL Division 3"]
[Site "online"]
[Date "2020.08.20"]
[Round "1.52"]
[White "Biswas, Snigdha"]
[Black "Bharadwaj, Sai"]
[Result "1-0"]
[WhiteElo "300"]
[BlackElo "1090"]
[PlyCount "85"]
[EventDate "2020.08.20"]
[WhiteTeam "East Kilbride Rooks"]
[BlackTeam "Watford Juniors D"]

1. e4 e5 2. Nf3 d6 3. Nc3 Nf6 4. Bc4 Qe7 5. d3 g6 6. Bg5 Bg7 7. Bxf6 Bxf6 8.
O-O Bd7 9. Bd5 Nc6 10. a4 O-O-O 11. b4 h5 12. b5 Na5 13. Rb1 c6 14. bxc6 bxc6
15. Ba2 Kc7 16. Rb2 Ra8 17. Qb1 Kd8 18. Ne2 Kc7 19. c3 Rhc8 20. Bc4 Re8 21. Ba6
Bc8 22. Bxc8 Rexc8 23. d4 exd4 24. cxd4 Kd8 25. e5 dxe5 26. dxe5 Bxe5 27. Rb4
Bd6 28. Rb2 Ba3 29. Rd2+ Ke8 30. Ra2 Nc4 31. Re1 Rab8 32. Qc2 Qe6 33. Ned4
Qxe1+ 34. Nxe1 Rb2 35. Rxb2 Bxb2 36. Qxc4 Ba3 37. Qa6 Bc5 38. Nb3 Rd8 39. Nxc5
f5 40. Nb7 Rc8 41. Nd6+ Kd7 42. Nxc8 c5 43. Qxa7+ 1-0

[Event "Junior Online 4NCL Division 3"]
[Site "online"]
[Date "2020.08.20"]
[Round "1.53"]
[White "Arora, Aarav"]
[Black "Bhattacharjee, Aaditya"]
[Result "1-0"]
[WhiteElo "1060"]
[BlackElo "250"]
[PlyCount "78"]
[EventDate "2020.08.20"]
[WhiteTeam "Watford Juniors D"]
[BlackTeam "East Kilbride Rooks"]

1. e4 e5 2. Nf3 Nc6 3. Bc4 Bc5 4. b4 Bxb4 5. c3 Bc5 6. d4 exd4 7. cxd4 Bb4+ 8.
Bd2 Bxd2+ 9. Nbxd2 Nf6 10. e5 Ng4 11. O-O O-O 12. Nb1 d5 13. Bb3 Na5 14. Ba4
Nc6 15. Nc3 Re8 16. Re1 Bd7 17. Nxd5 Be6 18. Nc3 a6 19. d5 b5 20. Bc2 Bc8 21.
dxc6 Qxd1 22. Raxd1 Be6 23. h3 Nh6 24. Ng5 Bf5 25. Bxf5 Nxf5 26. Nf3 b4 27. Nd5
Rac8 28. Nxb4 a5 29. Na6 Ne7 30. Nd4 Ng6 31. Nf3 Ne7 32. Rc1 Nd5 33. Nc5 Nb4
34. a3 Na2 35. Rc2 Nb4 36. axb4 axb4 37. Rb2 Rb8 38. Na6 Ra8 39. Nxc7 Rab8 1-0

[Event "Junior Online 4NCL Division 3"]
[Site "online"]
[Date "2020.08.20"]
[Round "1.54"]
[White "Vusikala, Tarun"]
[Black "Birke, Timo"]
[Result "0-1"]
[WhiteElo "103"]
[BlackElo "1022"]
[PlyCount "106"]
[EventDate "2020.08.20"]
[WhiteTeam "East Kilbride Rooks"]
[BlackTeam "Watford Juniors D"]

1. e4 c5 2. d4 cxd4 3. Qxd4 Nc6 4. Qd1 Nf6 5. Nc3 e5 6. Nf3 d5 7. Bd3 d4 8. Nb5
Bc5 9. O-O O-O 10. h3 a6 11. Nbxd4 Bxd4 12. Bg5 Qd6 13. c3 Bc5 14. Bxf6 Qxf6
15. Bc4 Rd8 16. Bd5 Be6 17. c4 Nb4 18. a3 Nc6 19. b4 Bxb4 20. axb4 Nxb4 21. Rb1
a5 22. Re1 Rd7 23. Re3 Rad8 24. Rd3 Rd6 25. Rd2 R8d7 26. Rb3 Qd8 27. Rxb4 axb4
28. g3 b5 29. Nh2 bxc4 30. Nf1 Bxd5 31. exd5 Rxd5 32. Rxd5 Rxd5 33. Qe2 Qb6 34.
Qxc4 Rc5 35. Qd4 exd4 36. h4 Rc1 37. Kg2 d3 38. Nd2 Qc6+ 39. Kh3 Qh1+ 40. Kg4
Qd1+ 41. Kh3 Qxd2 42. Kg2 Qe1 43. Kh2 d2 44. Kg2 d1=Q 45. Kh2 b3 46. Kg2 b2 47.
Kh2 b1=Q 48. Kg2 Qb5 49. Kh2 Qdd7 50. Kg2 Qg1+ 51. Kf3 Qh1+ 52. Ke3 Qdd3+ 53.
Kf4 Rc4# 0-1

[Event "Junior Online 4NCL Division 3"]
[Site "online"]
[Date "2020.08.20"]
[Round "1.55"]
[White "Israni, Ishita"]
[Black "Shah, Prem"]
[Result "1-0"]
[WhiteElo "364"]
[BlackElo "1157"]
[PlyCount "65"]
[EventDate "2020.08.20"]
[WhiteTeam "East Kilbride Rooks"]
[BlackTeam "Watford Juniors D"]

1. e4 c6 2. Nf3 d5 3. exd5 cxd5 4. Bb5+ Nc6 5. Bxc6+ bxc6 6. d4 Nf6 7. Nc3 Bg4
8. h3 Bxf3 9. Qxf3 e6 10. Na4 Bd6 11. Qc3 Qc7 12. Nc5 Bxc5 13. Qxc5 Ne4 14. Qb4
c5 15. dxc5 Nxc5 16. Be3 Na6 17. Qa4+ Qd7 18. Qxa6 O-O 19. Qd3 Rab8 20. Bf4
Rxb2 21. Qg3 g6 22. Bh6 Rxc2 23. Qe5 f6 24. Qg3 Qb5 25. Qe3 Qb4+ 26. Kf1 Re8
27. Kg1 a6 28. Rf1 d4 29. Qe4 f5 30. Qxc2 a5 31. Qc7 Re7 32. Qc8+ Kf7 33. Qf8#
1-0

[Event "Junior Online 4NCL Division 3"]
[Site "online"]
[Date "2020.08.20"]
[Round "1.56"]
[White "Bharadwaj, Sai"]
[Black "Biswas, Snigdha"]
[Result "1/2-1/2"]
[WhiteElo "1090"]
[BlackElo "300"]
[PlyCount "81"]
[EventDate "2020.08.20"]
[WhiteTeam "Watford Juniors D"]
[BlackTeam "East Kilbride Rooks"]

1. e4 e5 2. d3 Nf6 3. Nf3 Nc6 4. Nc3 Bb4 5. Bd2 Bxc3 6. Bxc3 d5 7. exd5 Nxd5 8.
Bd2 Nf6 9. Be2 e4 10. dxe4 Nxe4 11. Bg5 Bf5 12. Bxd8 Rxd8 13. O-O Rxd1 14.
Rfxd1 O-O 15. Bd3 Nd6 16. Be2 Bxc2 17. Rdc1 Bf5 18. Ng5 Nd4 19. Bd1 Nc6 20. g4
Bg6 21. Bb3 Be4 22. Bxf7+ Nxf7 23. Nxe4 Nfe5 24. Re1 Nd3 25. Red1 Nxb2 26. Rab1
Nxd1 27. Rxd1 Re8 28. Ng5 Re4 29. Nxe4 Nb4 30. Ng5 g6 31. Rd8+ Kg7 32. Rd7+ Kf6
33. Nxh7+ Ke6 34. Nf8+ Kf6 35. Nh7+ Ke6 36. Rg7 Kd6 37. Rxg6+ Kd7 38. Rg7+ Kd6
39. Rg6+ Kd7 40. Rg7+ Kd6 41. Rg6+ 1/2-1/2

[Event "Junior Online 4NCL Division 3"]
[Site "online"]
[Date "2020.08.20"]
[Round "1.57"]
[White "Bhattacharjee, Aaditya"]
[Black "Arora, Aarav"]
[Result "0-1"]
[WhiteElo "250"]
[BlackElo "1060"]
[PlyCount "20"]
[EventDate "2020.08.20"]
[WhiteTeam "East Kilbride Rooks"]
[BlackTeam "Watford Juniors D"]

1. e4 e5 2. Nf3 Nc6 3. Bc4 Nf6 4. Ng5 Bc5 5. Nxf7 Bxf2+ 6. Kxf2 Nxe4+ 7. Ke1
Qh4+ 8. g3 Nxg3 9. hxg3 Qxh1+ 10. Bf1 O-O 0-1

[Event "Junior Online 4NCL Division 3"]
[Site "online"]
[Date "2020.08.20"]
[Round "1.58"]
[White "Birke, Timo"]
[Black "Vusikala, Tarun"]
[Result "1-0"]
[WhiteElo "1022"]
[BlackElo "103"]
[PlyCount "39"]
[EventDate "2020.08.20"]
[WhiteTeam "Watford Juniors D"]
[BlackTeam "East Kilbride Rooks"]

1. e4 e5 2. Nf3 Nc6 3. Bc4 Nf6 4. Ng5 d5 5. exd5 Nxd5 6. Bxd5 Qxd5 7. Nc3 Qd8
8. O-O Qxg5 9. d4 Bb4 10. Bxg5 Bxc3 11. bxc3 O-O 12. dxe5 Nxe5 13. Bf4 Re8 14.
Re1 Bg4 15. Qxg4 Nxg4 16. Rxe8+ Rxe8 17. Bxc7 b6 18. f3 Ne3 19. Re1 Nxc2 20.
Rxe8# 1-0

[Event "Junior Online 4NCL Division 3"]
[Site "online"]
[Date "2020.08.20"]
[Round "1.62"]
[White "Sreenivas, Rohit"]
[Black "Clegg, Anya"]
[Result "1-0"]
[WhiteElo "850"]
[BlackElo "1180"]
[PlyCount "115"]
[EventDate "2020.08.20"]
[WhiteTeam "Leicestershire Juniors 5"]
[BlackTeam "Bristol Bishops"]

1. e4 e5 2. Nf3 Nc6 3. Bc4 Bc5 4. Nc3 Nf6 5. O-O O-O 6. Bb5 a6 7. Bxc6 dxc6 8.
Nxe5 Qd6 9. Nc4 Qe6 10. d3 Rd8 11. Bg5 b5 12. Bxf6 Qxf6 13. Ne3 Qh6 14. Ng4 Qg6
15. h3 Bxg4 16. Qxg4 Qxg4 17. hxg4 b4 18. Ne2 a5 19. c3 bxc3 20. bxc3 Rab8 21.
d4 Be7 22. f3 c5 23. dxc5 Bxc5+ 24. Kh1 Rd6 25. Nf4 Be3 26. Rab1 Rxb1 27. Rxb1
Kf8 28. Rb8+ Ke7 29. Nd5+ Kd7 30. Nxe3 Rd2 31. Rf8 Rxa2 32. Rxf7+ Ke6 33. Rxg7
Ra1+ 34. Kh2 a4 35. Rxh7 a3 36. Rxc7 a2 37. Nc2 Rc1 38. Rc6+ Kd7 39. Ra6 Rxc2
40. Ra7+ Kc6 41. Ra6+ Kb5 42. Ra8 Kc4 43. g5 Kb3 44. g6 Kb2 45. g7 a1=Q 46.
Rxa1 Kxa1 47. g8=Q Rxc3 48. Qg7 Kb2 49. Qb7+ Kc2 50. e5 Re3 51. Qc7+ Kd2 52.
Qa5+ Kd3 53. Qd5+ Ke2 54. e6 Kf2 55. Qd4 Ke2 56. Qxe3+ Kxe3 57. e7 Kf2 58. e8=Q
1-0

[Event "Junior Online 4NCL Division 3"]
[Site "online"]
[Date "2020.08.20"]
[Round "1.63"]
[White "Saha, Soumil"]
[Black "Jackson, Will"]
[Result "1-0"]
[WhiteElo "1060"]
[BlackElo "850"]
[PlyCount "57"]
[EventDate "2020.08.20"]
[WhiteTeam "Bristol Bishops"]
[BlackTeam "Leicestershire Juniors 5"]

1. d4 d5 2. c4 dxc4 3. e3 b5 4. a4 bxa4 5. Qf3 e6 6. Qxa8 Nc6 7. Qxc6+ Bd7 8.
Qxc4 Bc6 9. Qxc6+ Qd7 10. Qxa4 Qc6 11. Qxc6+ Ke7 12. Rxa7 Nf6 13. Rxc7+ Nd7 14.
Bb5 Kf6 15. Qxd7 Bb4+ 16. Nc3 Bxc3+ 17. bxc3 Ra8 18. Qxf7+ Kg5 19. Qxg7+ Kf5
20. Qxh7+ Kf6 21. Qf7+ Kg5 22. h4+ Kh6 23. h5 Kg5 24. h6 Kg4 25. h7 Kg5 26.
h8=Q Rxh8 27. Rxh8 Kg4 28. Rg8+ Kh4 29. Qh7# 1-0

[Event "Junior Online 4NCL Division 3"]
[Site "online"]
[Date "2020.08.20"]
[Round "1.64"]
[White "Abraham, Lexi"]
[Black "Bleeg, Julian"]
[Result "0-1"]
[WhiteElo "850"]
[BlackElo "797"]
[PlyCount "46"]
[EventDate "2020.08.20"]
[WhiteTeam "Leicestershire Juniors 5"]
[BlackTeam "Bristol Bishops"]

1. e4 e5 2. Nf3 Nc6 3. Bc4 Bc5 4. Nc3 Nf6 5. O-O O-O 6. d3 d6 7. Nd5 Be6 8.
Nxf6+ Qxf6 9. Bg5 Qg6 10. Qd2 Bxc4 11. Nh4 Bxf2+ 12. Rxf2 Qe6 13. dxc4 Qxc4 14.
b3 Qe6 15. Qd5 Qxd5 16. exd5 Nb4 17. c4 h6 18. Be7 Rfe8 19. Bf6 gxf6 20. Rxf6
Kg7 21. Rf5 Nc2 22. Rc1 Nd4 23. Rff1 Ne2+ 0-1

[Event "Junior Online 4NCL Division 3"]
[Site "online"]
[Date "2020.08.20"]
[Round "1.66"]
[White "Clegg, Anya"]
[Black "Sreenivas, Rohit"]
[Result "1/2-1/2"]
[WhiteElo "1180"]
[BlackElo "850"]
[PlyCount "22"]
[EventDate "2020.08.20"]
[WhiteTeam "Bristol Bishops"]
[BlackTeam "Leicestershire Juniors 5"]

1. d4 d5 2. e3 e6 3. Bd3 Bb4+ 4. c3 Bd6 5. Nf3 Nf6 6. O-O c6 7. Nbd2 Nbd7 8. e4
dxe4 9. Nxe4 Nxe4 10. Bxe4 Be7 11. Qd2 O-O 1/2-1/2

[Event "Junior Online 4NCL Division 3"]
[Site "online"]
[Date "2020.08.20"]
[Round "1.67"]
[White "Jackson, Will"]
[Black "Saha, Soumil"]
[Result "1/2-1/2"]
[WhiteElo "850"]
[BlackElo "1060"]
[PlyCount "158"]
[EventDate "2020.08.20"]
[WhiteTeam "Leicestershire Juniors 5"]
[BlackTeam "Bristol Bishops"]

1. e4 e5 2. f3 Bc5 3. d3 Ne7 4. Bg5 f6 5. Bh4 d6 6. f4 Nbc6 7. fxe5 Nxe5 8. d4
N5g6 9. dxc5 Nxh4 10. cxd6 Qxd6 11. Nd2 Bd7 12. Ngf3 Nxf3+ 13. gxf3 O-O-O 14.
a4 Be6 15. Ra3 Rhg8 16. Rd3 Qc6 17. Rc3 Qe8 18. Bc4 Bxc4 19. Nxc4 Qxa4 20. Na3
Rxd1+ 21. Kxd1 Rd8+ 22. Kc1 Kb8 23. Rc4 Qa5 24. Rg1 Qd2+ 25. Kb1 Qxh2 26. Rc1
Qe2 27. Rc3 Rd1 28. Rxd1 Qxd1+ 29. Ka2 a6 30. Rd3 Qxc2 31. Nxc2 h5 32. Rd7 Nc6
33. Rxg7 Ne5 34. f4 Nf3 35. e5 h4 36. exf6 h3 37. Rh7 h2 38. Rh3 Ng5 39. Rxh2
Ne4 40. Rh6 Nd6 41. f5 Nxf5 42. Rg6 Nh4 43. Rg7 Nf5 44. Rf7 Nd6 45. Rf8+ Ka7
46. f7 Nxf7 47. Rxf7 c6 48. Rf5 b5 49. Nd4 Kb7 50. Rf6 c5 51. Rf7+ Kb6 52. Rf4
cxd4 53. Rxd4 Kc5 54. Rd7 b4 55. Ra7 Kb5 56. b3 a5 57. Rd7 a4 58. bxa4+ Kxa4
59. Rd3 Kb5 60. Kb3 Ka5 61. Rd1 Kb5 62. Rd5+ Kb6 63. Rd1 Kc5 64. Rc1+ Kb5 65.
Rd1 Kc5 66. Rd8 Kb5 67. Rd5+ Kc6 68. Kc4 b3 69. Rd2 b2 70. Rxb2 Kd6 71. Rb5 Kc6
72. Kb4 Kd6 73. Kc4 Kc6 74. Ra5 Kb6 75. Rd5 Kc6 76. Kd4 Kb6 77. Rc5 Ka6 78. Kc4
Kb6 79. Rb5+ Kc6 1/2-1/2

[Event "Junior Online 4NCL Division 3"]
[Site "online"]
[Date "2020.08.20"]
[Round "1.68"]
[White "Bleeg, Julian"]
[Black "Abraham, Lexi"]
[Result "1-0"]
[WhiteElo "797"]
[BlackElo "850"]
[PlyCount "59"]
[EventDate "2020.08.20"]
[WhiteTeam "Bristol Bishops"]
[BlackTeam "Leicestershire Juniors 5"]

1. e4 e5 2. Nc3 Nf6 3. Nf3 Nc6 4. Bc4 Bc5 5. O-O d6 6. d3 Bg4 7. h3 Bxf3 8.
Qxf3 O-O 9. Qd1 Qd7 10. Be3 Bxe3 11. fxe3 Qe7 12. Re1 Na5 13. Bb5 c6 14. Ba4 c5
15. d4 cxd4 16. exd4 exd4 17. Qxd4 Rac8 18. e5 dxe5 19. Rxe5 Qc7 20. Qxa7 Nd7
21. Rxa5 Qf4 22. Bxd7 Rcd8 23. Qxb7 Qd6 24. Bf5 g6 25. Be4 f5 26. Bf3 Qd2 27.
Qb3+ Kh8 28. Ra7 Rfe8 29. Qb7 Qxc2 30. Qxh7# 1-0

[Event "Junior Online 4NCL Division 3"]
[Site "online"]
[Date "2020.08.20"]
[Round "1.71"]
[White "Dhir, Jai Alexander"]
[Black "Robinson, Danny"]
[Result "1-0"]
[WhiteElo "1000"]
[BlackElo "1180"]
[PlyCount "25"]
[EventDate "2020.08.20"]
[WhiteTeam "Uxbridge JAMMA"]
[BlackTeam "MCS Tenners"]

1. e4 c5 2. Nf3 Nc6 3. d4 e6 4. Bb5 Qc7 5. O-O a6 6. Bxc6 Qxc6 7. Re1 b6 8. d5
exd5 9. exd5+ Be7 10. dxc6 dxc6 11. Ne5 Nf6 12. Nxc6 Ng8 13. Qd8# 1-0